000
00309nam a2200133Ia 4500
005
20251222144836.0
008
251222s9999||||xx |||||||||||||| ||spa||
020
_a
84-7490-482-X
082
_a
920/P43
100
_a
Pernoud, Régine
245
0
_a
San Martín de Tours
264
_b
Encuentro
942
_c
LIB
999
_c
21047
_d
21047